Relatos de un peregrino ruso / (Record no. 126191)

MARC details
000 -LEADER
campo de control de longitud fija 00592nam a2200193 4500
001 - NÚMERO DE CONTROL
campo de control 126191
003 - IDENTIFICADOR DE NÚMERO DE CONTROL
campo de control ES-MaACL
005 - FECHA Y HORA DE LA ÚLTIMA TRANSACCIÓN
campo de control 20230906192755.0
007 - CAMPO FIJO DE DESCRIPCIÓN FÍSICA--INFORMACIÓN GENERAL
campo de control de longitud fija t|
008 - DATOS DE LONGITUD FIJA--INFORMACIÓN GENERAL
campo de control de longitud fija 070214s1982 sp r ||||1| spa d
245 00 - MENCIÓN DEL TÍTULO
Título Relatos de un peregrino ruso /
Mención de responsabilidad, etc. edición completa preparada por Jordi Quingles.
260 ## - PUBLICACIÓN, DISTRIBUCIÓN, ETC.
Lugar de publicación, distribución, etc. Madrid :
Nombre del editor, distribuidor, etc. Taurus,
Fecha de publicación, distribución, etc. 1982.
300 ## - DESCRIPCIÓN FÍSICA
Extensión 187 p. ;
Dimensiones 21 cm.
490 1# - MENCIÓN DE SERIE
Mención de serie Biblioteca de estudios tradicionales
700 1# - ENTRADA AGREGADA--NOMBRE PERSONAL
Nombre de persona Quingles, Jordi.
9 (RLIN) 94646
830 0# - PUNTO DE ACCESO ADICIONAL DE SERIE-TÍTULO UNIFORME
Título uniforme Biblioteca de estudios tradicionales
9 (RLIN) 182128
852 ## - LOCALIZACIÓN
Ubicación ES-MaACL
Número de control de estantería L-2495
Sublocalización o colección R.102614
Holdings
Estatus retirado Estado de pérdida Estado de daño No para préstamo Biblioteca de origen Biblioteca actual Ubicación en estantería Fecha de adquisición Fuente de adquisición Total de préstamos Signatura topográfica completa Código de barras Visto por última vez Precio de reemplazo Tipo de ítem Koha
        Biblioteca del Ateneo de Madrid Biblioteca del Ateneo de Madrid Depósito 2 17/01/2008     L-2495 1131440 23/02/2023 23/02/2023 Libro impreso